Statistics for PICTURE VOCABULARY - 'C'

Click here to take the quiz!

General Stats

  • This quiz has been taken 17 times
  • The average score is 6 of 16

Answer Stats

Answer% Correct
Cardinal
69%
Casablanca
69%
Croatia
63%
Chad
56%
Chihuahua
56%
Clavicle
56%
Carbonara pasta
44%
Chicago
44%
Camembert
38%
Caspian sea
38%
Ceres
25%
Copernicium
19%
Cathedrale de notre dame
13%
Charles babage
13%
Chloroplast
13%
Crimson red
13%

Score Distribution

Percentile by Number Answered

Percent of People with Each Score

Your Score History

You have not taken this quiz